logo

Bir Sreshtho Munshi Abdur Rouf Library
Jhenaidah Cadet College

দহনকাল / (Record no. 864)

MARC details
000 -LEADER
fixed length control field 00703nam a2200229 a 4500
001 - CONTROL NUMBER
JCCL Control Number 864
003 - CONTROL NUMBER IDENTIFIER
JCCL marc code BD-JhCC
005 - DATE AND TIME OF LATEST TRANSACTION
control field 20220807134021.0
008 - FIXED-LENGTH DATA ELEMENTS--GENERAL INFORMATION
fixed length control field 171010s2010 bg |||| ||a| 000 0 ben d
020 ## - INTERNATIONAL STANDARD BOOK NUMBER
International Standard Book Number 9847015601461
035 ## - SYSTEM CONTROL NUMBER
system control number (BD-JhCC)864
040 ## - CATALOGING SOURCE
Original cataloging agency BD-JhCC
Modifying agency BD-JhCC
041 ## - LANGUAGE CODE
Language code of Book ben
082 ## - DEWEY DECIMAL CLASSIFICATION NUMBER
Classification number 891.443
Author mark and Year JAD 2010
100 ## - MAIN ENTRY--PERSONAL NAME
Personal name জলদাস, হরিশংকর
245 ## - TITLE STATEMENT
Title দহনকাল /
Remainder of title হরিশংকর জলদাস
260 ## - PUBLICATION, DISTRIBUTION, ETC. (IMPRINT)
Place of publication, distribution, etc ঢাকা :
Name of publisher, distributor, etc মাওলা ব্রাদার্স প্রকাশনী,
Date of publication, distribution, etc ২০১০.
300 ## - PHYSICAL DESCRIPTION
Pagination 176 p. :
Other physical details ill. ;
Dimensions 21 cm.
650 ## - SUBJECT ADDED ENTRY--TOPICAL TERM
Topical term or geographic name as entry element Bengali Novel
General subdivision Novel
Geographic subdivision Banglladesh
942 ## - ADDED ENTRY ELEMENTS (KOHA)
Source of classification or shelving scheme Dewey Decimal Classification
Koha item type Books
Koha issues (borrowed), all copies 2
Holdings
Source of classification or shelving scheme Damaged status Not for loan Home library Current library Shelving location Date of accession Cost, normal purchase price Total Checkouts Full call number Barcode Date last seen Date checked out Copy number Koha item type
Dewey Decimal Classification     JCC Rouf Library JCC Rouf Library General Stacks 10/10/2010 200.00 2 894.443 JAD 2010 1824 09/19/2023 09/18/2023 C-1 Books

JCC Library | Contacts | JCC Home

Last Update on 23 September 2017
Copyright @ 2017-2020 JCC Rouf Library
Rouf Library, Jhenidah Cadet College (JCC), Bangladesh